| 000 | 00714nam a2200205Ia 4500 | ||
|---|---|---|---|
| 003 | 0 | ||
| 005 | 20250127114650.0 | ||
| 008 | 150126s9999 xx 000 0 und d | ||
| 050 |
_aPHS LB 1060 _b.P151 2014 |
||
| 100 | _aPajarin, Venedik. | ||
| 245 |
_aAttention span and classroom performance grade 11 students of SISC / _cVenedik Pajarin. |
||
| 260 |
_aLas PiƱas City, Philippines : _bSouthville International School and Colleges, _c2014. |
||
| 300 |
_a22 pages : _billustration ; _c28 cm. |
||
| 504 | _aIncludes bibliographical references. | ||
| 650 | _aAttention in children. | ||
| 650 | _aAcademic achievement. | ||
| 650 | _aAttention span. | ||
| 650 | _aConcentration in education. | ||
| 942 |
_2lcc _cPASS |
||
| 999 |
_c278647 _d278647 |
||